000 01113nam a22002537a 4500
005 20110328112546.0
008 110328t xxu||||| |||| 00| 0 mar d
010 _aMAR-20650
020 _a9788174922885
_c140.00
035 _aMR-13308
037 _bDBAD / PUB
040 _aDPL
_bMR
082 _a891.46301
100 _aपांढरीपांडे,विजय
_926802
245 _aनिळे पक्षी /
_cविजय पांढरीपांडे
246 _aNile Pakshee
_bby Vijay Pandripandey
260 _aपुणे
_bदिलीपराज प्रकाशन
_c2011
270 _a251 क,शनिवार पेठ
_bपुणे
_e411030
300 _a136 पृ
_c21 सेमी (अजिल्द)
650 _aमराठी कथासंग्रह
_926803
650 _aMarathi Short Story
_926804
942 _2ddc
_cMR
_h891.46301
_mपांढरी
999 _c51263
_d51263